LEADER 01075nam0 22002771i 450 001 UON00132609 005 20231205102802.758 100 $a20020107d1968 |0itac50 ba 101 $afre 102 $aFR 105 $a|||| 1|||| 200 1 $aArt et Société dans le monde de l'Islam$fJanine Sourdel-Thomine 210 $aParis$cP. Geuthner$d1968 215 $aP. 93-114$d23 cm 300 $aEstr. da: Revue des Etudes Islamiques, année 1968-1. 620 $aFR$dParis$3UONL002984 686 $aARA IX$cPAESI ARABI - ARTI$2A 700 1$aSOURDEL-THOMINE$bJanine$3UONV000358$0154101 712 $aGeuthner$3UONV246291$4650 790 1$aSOURDEL, Janine$zSOURDEL-THOMINE, Janine$3UONV043032 801 $aIT$bSOL$c20240220$gRICA 899 $aSIBA - SISTEMA BIBLIOTECARIO DI ATENEO$2UONSI 912 $aUON00132609 950 $aSIBA - SISTEMA BIBLIOTECARIO DI ATENEO$dSI MISC ARA IX 001 $eSI ARC199 5 001 996 $aArt et Société dans le monde de l'Islam$91313383 997 $aUNIOR LEADER 01251nas 2200409-a 450 001 9910262257303321 005 20240413025431.0 011 $a2602-2435 035 $a(CKB)991042728064402 035 $a(CONSER)--2001235679 035 $a(EXLCZ)99991042728064402 100 $a20010323c1998uuuu --- - 101 0 $atur 200 00$aDinî ara?t?rmalar 210 $aAnkara $cSe-Ba Ofset Ltd. ?ti$d1998- 215 $a1 online resource 300 $a"Dört aylik bilimsel dergi." 300 $aRefereed/Peer-reviewed 311 08$aPrint version: Dinî ara?t?rmalar. (DLC) 2001235679 (OCoLC)46569341 1301-966X 517 1 $aReligious studies 517 1 $aDA 606 $aIslam$zTurkey$vPeriodicals 606 $aIslam$zTurkey$xHistory$vPeriodicals 606 $aIslam$vPeriodicals 606 $aIslam$2fast$3(OCoLC)fst00979776 607 $aTurkey$2fast$1https://id.oclc.org/worldcat/entity/E39PBJxmHG9jJjCTM3y4pFRqcP 608 $aHistory.$2fast 608 $aPeriodicals.$2fast 615 0$aIslam 615 0$aIslam$xHistory 615 0$aIslam 615 7$aIslam. 906 $aJOURNAL 912 $a9910262257303321 920 $aexl_impl conversion 996 $aDinî ara?t?rmalar$92580009 997 $aUNINA